000 01185nam a2200241Ii 4500
003 JO-AjNU
005 20240630110021.0
008 230605s9999||||xx |||||||||||||| ||und||
040 _aJO-AjNU
_bara
_erda
_cJO-AjNU
041 _aara
050 1 4 _aLC4704.2022
100 1 _aالقضاة ، سلسبيلا احمد
_eمعد
_965942
245 2 0 _aالتعلم عن بعد وعلاقته بالصحة النفسية للطلبة ذوي صعوبات التعلم من وجهة نظر اولياء امورهم=Distance Learning and its Relationship to the Mental Health of Students With Learning Disabilities from the Point of View of their Parents /
_cاعداد سلسبيلا احمد القضاة
260 _c2022
300 _a100 ورقة
336 _atext
_btxt
_2rdacontent
337 _aunmediated
_bn
_2rdamedia
338 _avolume
_bnc
_2rdacarrier
500 _aرسالة جامعية(اطروحة ماجستير) تخصص صعوبات التعلم/كلية العلوم التربوية، جامعة عجلون الوطنية، 2022
650 4 _aصعوبات تعلم
_963584
700 1 _aابو عيسى، عبد الحميد
_965943
_eمشرف
942 _2lcc
_cTHS
999 _c32418
_d32418